00486nam a2200133Ia 4500008004100000041000800041082001400049100002500063245006200088260004400150300001900194999001700213952012200230241028s9999 xx 000 0 und d aeng a332.6 REI aReilly/ Brown/ Leeds aInvestment Analysis And Portfolio Management With Mindtap bCengage Learning IndiaaAustraliac2019 a786;. P. 25 cm c42964d42964 00104070aIMTNbIMTNcRack 10-Ad2024-07-03g714.35o332.6 REIp33393r2024-10-28 00:00:00v1099.00w2024-10-28yBK